000 00769na a2200253 4500
001 14013
003 MIRAKIL
005 20181213154749.0
008 160823b tu 000 0
020 _a9786055493035
040 _aMilas
_btur
_cTR-AnCHP
082 _a741.5
_bA67s
090 _a741.5 A67s [t.y.]
100 _aArslan, Osman
245 _aSessiz gece
_bNusret mayın gemisi
_cöykü: Osman Arslan ; çizen: Şeref Manun
246 _aNusret mayın gemisi
250 _a5. bs.
260 _aİstanbul
_b2023 Yayıncılık
_c[t. y.]
300 _a24 s.
_brnk. res.
_c24 sm.
490 _aTürk tarihi gerçek öyküler çizgi romanları
_aÇanakkale destanı
_v1 - 10
_v2
650 _aÇizgi Roman
_xTürk
700 _aManun, Şeref
942 _2ddc
_cBKS
999 _c445
_d445